Vývoj reálnej ekonomiky v 1. štvrťroku 2009

Výrazné spomalenie ukazovateľov makroekonomického vývoja SR v 1.štvrťroku 2009. Nominálny objem HDP a medzikvartálne zmeny. Dopyt a ponuka slovenskej ekonomiky. Mzdy, príjmy a výdavky domácností. Produktivita práce, zamestnanosť a nezamestnanosť. Hospodárske výsledky finančných korporácií.

Uložené v:
Podrobná bibliografia
Hlavný autor: Kollárová, Viera
Ďalší autori: Solčánska, Helena
Médium: Kapitola
Jazyk:Slovak
Predmet:
Tagy: Pridať tag
Žiadne tagy, Buďte prvý, kto otaguje tento záznam!

MARC

LEADER 00000naa$a2200000$$$4500
001 0100491
005 20231116085533.7
041 0 |a slo 
044 |a SK 
245 1 0 |a Vývoj reálnej ekonomiky v 1. štvrťroku 2009  |c Viera Kollárová, Helena Solčánska 
520 |a Výrazné spomalenie ukazovateľov makroekonomického vývoja SR v 1.štvrťroku 2009. Nominálny objem HDP a medzikvartálne zmeny. Dopyt a ponuka slovenskej ekonomiky. Mzdy, príjmy a výdavky domácností. Produktivita práce, zamestnanosť a nezamestnanosť. Hospodárske výsledky finančných korporácií. 
610 2 0 |a Slovensko 
610 2 0 |a vývoj hospodársky 
610 2 0 |a domácnosti 
610 2 0 |a mzdy 
610 2 0 |a ponuka 
610 2 0 |a dopyt 
610 2 0 |a produktivita práce 
610 2 0 |a produkt domáci hrubý 
610 2 0 |a zamestnanosť 
610 2 0 |a hospodárenie finančné 
100 1 |a Kollárová, Viera 
700 1 |a Solčánska, Helena